000
00262nam a2200121 4500
999
_c
8265
_d
8265
003
OSt
005
20201008161827.0
008
201008b ||||| |||| 00| 0 eng d
020
_a
9781564964847
082
_a
728.5
245
_a
Hotel Resort interiors
942
_2
ddc